000 00299nam a2200121Ia 4500
008 190802s9999 xx 000 0 und d
020 _a978-81-315-0279-2
100 _aMankiw
245 0 _aPrinciples of MicroEconomics
260 _aIndia
_bCengage Learning
_c2006
300 _a531:p
942 _cBK
999 _c2070
_d2070